01279nam a22002417a 450000100060000000300100000600500170001600800410003302000180007404000470009204100130013908200190015210000360017124501380020726400400034530000370038533600270042233700330044933800280048250000430051050504260055365300580097911851CO-MdFUSB20180622073147.0180206t1994 xxu||||| |||| 00| 0 spa d a1-56063-846-X aCO-MdFUSBbspacCO-MdFUSBdCO-MdFUSBCerda0 aspaheng04aG 226.6 W1321e1 aWagner, C. Pedro (Peter)eautor1 aExtendiendo el fuego b: Una nueva mirada al libro de los Hechos (Hechos 1 al 8)c / C. Peter Wagner ; Guillermo Vázquez, Traductor 4aMiami, FL., USA :b Unilit,c©1994 aVolumen 1, 223 Páginasb: c;  2rdacontentatextobtxt 2rdamediaasin mediaciónbn 2rdacarrieravolumenbnc aTítulo original : Spreading the fire00aManual de entrenamiento de Dios para los cristianos modernos -- Cómo Jesús atrajo a ciento veinte seguidores -- La reunión de oración más poderosa de la historia -- La explosión espiritual en Pentecostés -- Ciento treinta convertidos al día pueden sacudir una ciudad -- Siga estas señales para la salvación -- Debería los extranjeros dirigir la iglesia? -- Samaria: prédica al otro lado del camino aBiblia N.T. - Hechos de los apóstoles - Comentarios